00712nam a2200169 a 450000100100000000500170001000800410002704000250006808200160009311000650010924502020017426000370037630000330041349000350044670000260048183000350050700002946420200930055553.0110415s1995 dr d 000 0 spa d aDO-SdBNPbspacBNPHU axxxbC3978i2 aCentro Nacional de Investigaciones en Salud Materno Infantil10aInvestigación de tuberculosis en un centro de tamizaje para el VIH :bUna propuesta para reducir la diseminación de la Tuberculosis en países en vías de desarrollo /ceditor Marcos Espinal. aSanto Domingo :bCENISMI,c1995. a19 p. :bdiagramas ;c28 cm.1 aPublicaciones Técnicasvv. 41 aEspinal, Marcos,eed. 0aPublicaciones Técnicasvv. 4